Sports Quiz

Random Sports or Letter Quiz

S-P-O-R-C-L-E Premier League Grab Bag Quiz Stats

 Plays Quiz Updated Jun 1, 2018

Challenge
Share
Tweet
Embed
Score 0/42 Timer 08:00
0 Plays Today
Hint Answer % Correct
Clubs with Most Games WonChelsea (537)
88.1%
Clubs with Most Games WonLiverpool (499)
85.5%
Clubs with Most Games WonEverton (362)
84.7%
Clubs with Most Games WonPortsmouth (79)
76%
Clubs with Most Games WonSouthampton (229)
75.9%
Players with Most GoalsAlan Shearer (260)
69.8%
Clubs with Most Games WonReading (32)
61.7%
Clubs with Most Games WonOldham Athletic (22)
59.2%
Goalkeepers with Most Clean SheetsPetr Čech (203)
54.1%
Players with Most AppearancesWayne Rooney (491)
50.3%
Players with Most GoalsWayne Rooney (208)
50.3%
Players with Most Yellow CardsWayne Rooney (101)
50.3%
Players with Most GoalsAndy Cole (187)
44.4%
Players with Most AppearancesFrank Lampard (609)
41.8%
Players with Most GoalsFrank Lampard (177)
41.8%
Players with Most Yellow CardsFrank Lampard (59)
41.7%
Players with Most Yellow CardsPaul Scholes (99)
40%
Players with Most GoalsMichael Owen (150)
37.2%
Players with Most AppearancesGary Speed (535)
26.3%
Most games managedHarry Redknapp (642)
25.3%
Most games managedTony Pulis (322)
18.8%
Hint Answer % Correct
Goalkeepers with Most Clean SheetsPepe Reina (133)
18.1%
Most games managedRoy Evans (172)
17.3%
Players with Most Yellow CardsGary O’Neil (38)
16%
Players with Most AppearancesJamie Carragher (508)
15.8%
Goalkeepers with Most Clean SheetsHugo Lloris (74)
15.6%
Goalkeepers with Most Clean SheetsMark Schwarzer (148)
13.3%
Players with Most Yellow CardsLee Cattermole (91)
12.5%
Players with Most GoalsKevin Phillips (92)
12.2%
Players with Most Yellow CardsScott Parker (92)
11.8%
Most games managedMartin O'Neill (360)
11.5%
Players with Most AppearancesJohn O’Shea (445)
9.2%
Most games managedAlan Curbishley (328)
8.9%
Players with Most GoalsJason Euell (56)
7.6%
Players with Most AppearancesRay Parlour (379)
7.4%
Most games managedGraeme Souness (280)
6.3%
Goalkeepers with Most Clean SheetsSteve Ogrizovic (54)
5.9%
Players with Most AppearancesUgo Ehiogu (355)
4.4%
Players with Most Yellow CardsUgo Ehiogu (45)
4.4%
Most games managedPaul Lambert (154)
2.1%
Goalkeepers with Most Clean SheetsKevin Pressman (49)
1.9%
Goalkeepers with Most Clean SheetsEderson (17)
1.6%

You're not logged in!

Compare scores with friends on all Sporcle quizzes.
Join for Free
OR
Log In

You Might Also Like...

Show Comments

Extras

Top Quizzes Today


Score Distribution

Your Account Isn't Verified!

In order to create a playlist on Sporcle, you need to verify the email address you used during registration. Go to your Sporcle Settings to finish the process.

Report this User

Report this user for behavior that violates our Community Guidelines.

Details: